| 000 | 00830nam a2200241 i 4500 | ||
|---|---|---|---|
| 001 | bg | ||
| 245 | 0 | 0 |
_aMateriały I Kongresu Polskiego Towarzystwa Próżniowego : _bKraków 25-27 maja 1998 / _c[org. Polskie Towarzystwo Próżniowe, Uniwersytet Jagielloński]. |
| 260 |
_aKraków : _bWydaw. UJ, _c1998. |
||
| 300 |
_a444 s. : _bfot., rys., wykr. ; _c24 cm. |
||
| 500 | _aW setną rocznicę urodzin prof. Janusza Groszkowskiego. | ||
| 650 | 9 | _aTechnika próżniowa | |
| 650 | 9 | _aInżynieria powierzchni | |
| 655 | _aMateriały konferencyjne | ||
| 710 | 0 | _aPolskie Towarzystwo Próżniowe | |
| 710 | 0 | _aUniwersytet Jagielloński | |
| 020 | _a8323311986 | ||
| 040 | _cBPK | ||
| 041 | 0 | _apl | |
| 080 | _a621.791/.795:533.5](061) | ||
| 920 | _a83-233-1198-6 | ||
| 942 | _cKS | ||
| 008 | s pl f |000 0 pol | ||
| 999 |
_c34089 _d34089 |
||
| 856 |
_uhttp://koha.tu.koszalin.pl/cgi-bin/koha/opac-detail.pl?biblionumber=34089 _yKatalog online BPK |
||